[Event "BL2-Nord 1617"]
[White "Dudzinski, Piotr"]
[Black "Fuchs, Judith"]
[Site "Germany"]
[Round "7.4"]
[Result "1/2-1/2"]
[Date "2017.03.19"]
[WhiteElo "2362"]
[BlackElo "2269"]
[PlyCount "64"]
[EventDate "2016.10.16"]
[EventType "team-tourn"]
[EventRounds "9"]
[EventCountry "GER"]
[SourceTitle "EXT 2018"]
[Source "ChessBase"]
[SourceDate "2017.10.13"]
[SourceVersion "1"]
[SourceVersionDate "2017.10.13"]
[SourceQuality "1"]
[WhiteTeam "Ruedersdorf"]
[BlackTeam "Hamburger SK II"]
[WhiteTeamCountry "GER"]
[BlackTeamCountry "GER"]

1. e4 c5 2. c3 Nf6 3. e5 Nd5 4. d4 cxd4 5. cxd4 d6 6. exd6 e6 7. Nc3 Bxd6 8. Nf3 Nxc3 9. bxc3 Qc7 10. Bd2 Nd7 11. Bd3 b6 12. 0-0 Bb7 13. Re1 0-0 14. h3 Rac8 15. Rc1 Bf4 16. Be3 Rfd8 17. Qe2 Nf6 18. c4 Bxe3 19. fxe3 Be4 20. Ne5 Bxd3 21. Nxd3 Ne4 22. Qg4 Nf6 23. Qg5 h6 24. Qh4 Qc6 25. Ne5 Qe4 26. Qg3 Nh5 27. Qf2 Rc7 28. Rf1 Nf6 29. Qg3 Nh5 30. Qf2 Nf6 31. Qg3 Nh5 32. Qf2 Nf6 1/2-1/2

[Event "BL2-Nord 1617"]
[White "Lagunow, Alexander"]
[Black "Dudzinski, Piotr"]
[Site "Germany"]
[Round "3.4"]
[Result "1/2-1/2"]
[Date "2016.12.04"]
[WhiteElo "2423"]
[BlackElo "2362"]
[PlyCount "72"]
[EventDate "2016.10.16"]
[EventType "team-tourn"]
[EventRounds "9"]
[EventCountry "GER"]
[SourceTitle "EXT 2018"]
[Source "ChessBase"]
[SourceDate "2017.10.13"]
[SourceVersion "1"]
[SourceVersionDate "2017.10.13"]
[SourceQuality "1"]
[WhiteTeam "Zehlendorf"]
[BlackTeam "Ruedersdorf"]
[WhiteTeamCountry "GER"]
[BlackTeamCountry "GER"]

1. Nf3 d5 2. g3 Nf6 3. Bg2 g6 4. 0-0 Bg7 5. c4 0-0 6. cxd5 Nxd5 7. d4 c6 8. e4 Nb6 9. h3 N8d7 10. Nc3 e5 11. Bg5 Qe8 12. d5 cxd5 13. Nb5 f6 14. Nc7 Qf7 15. Nxa8 Nxa8 16. Be3 dxe4 17. Nd2 f5 18. Qb3 Nab6 19. Qxf7+ Kxf7 20. Rfc1 Nd5 21. Bxa7 Bh6 22. Rd1 N7f6 23. Nc4 Ke6 24. Bc5 Rg8 25. Bf1 Bd7 26. Nb6 Nxb6 27. Bxb6 Rc8 28. b3 Nd5 29. Bc4 Rxc4 30. bxc4 Nxb6 31. Rab1 Nxc4 32. Rxb7 e3 33. Rdxd7 e2 34. Re7+ Kd6 35. Red7+ Ke6 36. Re7+ Kd6 1/2-1/2

[Event "POL-chT 1st League"]
[White "Stryjecki, Marek"]
[Black "Dudzinski, Piotr"]
[Site "Poronin"]
[Round "7.1"]
[Result "1-0"]
[Date "2016.09.09"]
[WhiteElo "2427"]
[BlackElo "2379"]
[PlyCount "73"]
[EventDate "2016.09.03"]
[EventType "team-tourn"]
[EventRounds "9"]
[EventCountry "POL"]
[SourceTitle "CBM 174 Extra"]
[Source "ChessBase"]
[SourceDate "2016.10.10"]
[SourceVersion "1"]
[SourceVersionDate "2016.10.10"]
[SourceQuality "1"]
[WhiteTeam "Raciborz Silesia"]
[BlackTeam "Ostrow Wielkopolski"]
[WhiteTeamCountry "POL"]
[BlackTeamCountry "POL"]

1. c4 c6 2. Nf3 d5 3. b3 Nf6 4. Bb2 Bf5 5. g3 e6 6. Bg2 Be7 7. 0-0 0-0 8. d3 h6 9. Nbd2 Nbd7 10. Qc2 Rc8 11. a3 Ne8 12. b4 Bf6 13. Rac1 Qe7 14. Nd4 Bg6 15. cxd5 exd5 16. N2b3 Nd6 17. Bh3 Nc4 18. Ba1 Rcd8 19. Qa2 Nd6 20. Na5 Rfe8 21. Naxc6 bxc6 22. Nxc6 Qf8 23. Nxd8 Rxd8 24. Qxd5 Bxa1 25. Rxa1 Qe7 26. Rfe1 Nb6 27. Qa5 Qf6 28. Rac1 Re8 29. e4 Qd4 30. Qc5 Qxd3 31. Bf1 Qxa3 32. Qxd6 Rxe4 33. Rxe4 Bxe4 34. Re1 f5 35. Bg2 Qc3 36. Rd1 Bxg2 37. Qe6+ 1-0

[Event "POL-chT 1st League"]
[White "Dudzinski, Piotr"]
[Black "Chojnacki, Krzysztof"]
[Site "Poronin"]
[Round "6.5"]
[Result "1/2-1/2"]
[Date "2016.09.08"]
[WhiteElo "2379"]
[BlackElo "2369"]
[PlyCount "73"]
[EventDate "2016.09.03"]
[EventType "team-tourn"]
[EventRounds "9"]
[EventCountry "POL"]
[SourceTitle "CBM 174 Extra"]
[Source "ChessBase"]
[SourceDate "2016.10.10"]
[SourceVersion "1"]
[SourceVersionDate "2016.10.10"]
[SourceQuality "1"]
[WhiteTeam "Ostrow Wielkopolski"]
[BlackTeam "Gniezno LKS Chrobry"]
[WhiteTeamCountry "POL"]
[BlackTeamCountry "POL"]

1. e4 g6 2. d4 Bg7 3. Nc3 d6 4. Be3 c6 5. Qd2 b5 6. Nge2 Nd7 7. g3 Nb6 8. b3 Nf6 9. Bg2 0-0 10. 0-0 Ng4 11. Bf4 e5 12. dxe5 dxe5 13. Qxd8 Rxd8 14. Bg5 f6 15. Bc1 b4 16. Nd1 a5 17. h3 Nh6 18. Be3 Nd7 19. Nb2 Ba6 20. Rfe1 Nf7 21. Rad1 Bf8 22. Nc1 Nc5 23. Ncd3 Ne6 24. Na4 Bb5 25. Nac5 Nd4 26. Bxd4 Rxd4 27. Ne6 Rd6 28. Nxf8 Kxf8 29. Nc5 a4 30. Bf1 axb3 31. axb3 Bxf1 32. Kxf1 Ra2 33. Rxd6 Nxd6 34. Rc1 Ra5 35. Nd3 c5 36. f3 Ke7 37. c3 1/2-1/2